Multiple Choice City Quiz – Buffalo - Statistics

General Stats
  • This quiz has been taken 78 times
  • The average score is 6 of 10
Answer Stats
Question Answer % Correct
What famous food originates in Buffalo? Buffalo wings
90%
What are the Buffalo Sabres? Buffalo's NHL team
87%
Which US president was assassinated in Buffalo? WIlliam McKinley
85%
What do you call someone from Buffalo? Buffalonian
76%
What street divides the east and west sides of the city? Main street
55%
What is Buffalo named after? The Buffalo River
48%
Buffalo is the first city to use what? Electricity
47%
What is Buffalo's nickname? City of Light
42%
What happened in the Battle of Buffalo? British forces burned the city
34%
The Allentown Art Festival is the largest festival in Buffalo. When is it held? The 2nd weekend of June
32%
No matching quizzes found
Score Distribution
Percent of People with Each Score
Percentile by Number Answered
Your Score History
You have not taken this quiz